000 00432nam a2200181Ia 4500
005 20250508160622.0
008 008 250505s9999 xx 000 0 hin d
037 _aTextual
040 _aFEDL
_beng
_cFEDL
041 _ahin
_2eng
084 _a407, JAI
_qFEDL
100 _aJain M S
245 0 _aAnya bhasha vigyan
260 _c1966
300 _a175p
942 _cTEXL
_h407, JAI
999 _c1365658
_d1365658